KFZ-Kennzeichen Nordrhein-Westfalen - Statistiken

Allgemein
  • Dieses Quiz wurde 242 mal gespielt
  • Das Durchschnittsergebnis liegt bei 46 aus 80
Antwortstatistiken
Hint Antwort % Korrekt
AC Aachen
99%
D Düsseldorf
90%
DO Dortmund
89%
E Essen
89%
K Köln
88%
BI Bielefeld
87%
DU Duisburg
87%
GE Gelsenkirchen
87%
BO Bochum
86%
HAM Hamm
86%
BN Bonn
84%
BOT Bottrop
84%
LEV Leverkusen
84%
KLE Kleve
79%
KR Krefeld
79%
EU Euskirchen
78%
MG Mönchengladbach
77%
PB Paderborn
77%
COE Coesfeld
74%
DIN Dinslaken
74%
OB Oberhausen
74%
HER Herne
73%
RE Recklinghausen
72%
GLA Gladbeck
70%
HA Hagen
70%
LIP Lippe
70%
SI Siegen
70%
HX Höxter
69%
JÜL Jülich
69%
MS Münster
69%
CAS Castrop-Rauxel
67%
W Wuppertal
66%
LÜN Lünen
65%
MI Minden
64%
GT Gütersloh
63%
HF Herford
63%
LP Lippstadt
63%
NE Neuss
63%
UN Unna
63%
BOR Borken
59%
HSK Hochsauerlandkreis
59%
SO Soest
59%
WIT Witten
58%
SG Solingen
57%
DN Düren
55%
OE Olpe
54%
MH Mülheim
53%
RS Remscheid
53%
VIE Viersen
53%
GM Gummersbach
50%
ERK Erkelenz
49%
AH Ahaus
47%
BM Bergheim
46%
GL Bergisch Gladbach
46%
ME Mettmann
46%
MK Märkischer Kreis
45%
BOH Bocholt
44%
WAF Warendorf
44%
GEL Geldern
43%
MO Moers
43%
WAT Wattenscheid
43%
WES Wesel
43%
BÜR Büren
41%
ST Steinfurt
41%
MON Monschau
40%
GV Grevenbroich
39%
HS Heinsberg
36%
WAN Wanne-Eickel
34%
SU Siegburg
32%
EN Ennepe-Ruhr-Kreis
31%
GK Geilenkirchen
28%
OP Opladen
27%
BE Beckum
26%
BLB Bad Berleburg
21%
KK Kempen, Krefeld
19%
LH Lüdinghausen
19%
TE Tecklenburg
17%
BF Burgsteinfurt
14%
SLE Schleiden
14%
WAR Warburg
14%
Keine übereinstimmenden Quizze gefunden
Verteilung der Resultate
Anzahl Personen mit jedem Resultat
Perzentil nach korrekt beantworteten Fragen
Ihre Resultats-Entwicklung
Sie haben dieses Quiz noch nicht gespielt